التسلية والترفيه في العراق القديم / (رقم التسجيلة. 146756)

تفاصيل مارك
000 -الفاتح
عناصر البيانات ثابتة الطول 00755cam a2200193 i 4500
005 - تاريخ ووقت آخر معاملة
حقل ضبط 20260204094501.0
008 - عناصر البيانات ثابتة الطول
عناصر البيانات ثابتة الطول 250721s2024 sy gr 000 0 ara d
020 ## - الترقيم الدولي المعياري للكتب (ردمك)
الترقيم الدولي المعياري للكتب (ردمك) 978993321508
082 14 - رقم تصنيف ديوي العشري
رقم التصنيف 394.30935
رقم المادة د ع م
100 1# - مدخل رئيسي – اسم شخصي
الاسم الشخصي الدعمي، عبدالله ميثم فيصل
علاقة الشخص بالعمل/ دوره مؤلف.
245 12 - بيان العنوان
العنوان التسلية والترفيه في العراق القديم /
بيان المسؤولية المؤلف عبد الله ميثم فيصل الدعمي.
264 31 - بيانات النشر، التوزيع…إلخ
مكان النشر، التوزيع...إلخ القاهرة :
اسم الناشر، الموزع...إلخ دار رسلان للطباعة والنشر والتوزيع،
تاريخ النشر، التوزيع...إلخ 2024.
300 ## - الوصف المادي
عدد الوحدات المكونة للوعاء 280 صفحة.
650 17 - مدخل إضافي بالموضوع - مصطلح موضوعي
مصطلح موضوعي أو اسم جغرافي كعنصر مدخل تاريخ العراق القديم.
650 17 - مدخل إضافي بالموضوع - مصطلح موضوعي
مصطلح موضوعي أو اسم جغرافي كعنصر مدخل عادات اللعب.
650 17 - مدخل إضافي بالموضوع - مصطلح موضوعي
مصطلح موضوعي أو اسم جغرافي كعنصر مدخل التسلية.
942 ## - بيانات إضافية (كوها)
نوع التنصيف Dewey Decimal Classification
نوع المادة (كوها) كتب
المقتنيات
حالة السحب حالة الفقدان مصدر التصنيف حالة التلف غير قابل للإعارة المكتبة الرئيسية المكتبة الحالية موقع الرف تاريخ التزويد الرقم المتسلسل Total Checkouts رقم الإستدعاء الباركود تاريخ آخر ظهور تاريخ الفاتورة نوع المادة (كوها)
    Dewey Decimal Classification     المكتبة المركزية المكتبة المركزية الإعارة 28/07/2025 1790104   394.30935 / د ع م PLD00513197 28/07/2025 28/07/2025 كتب
    Dewey Decimal Classification     مكتبة صويلح العامة مكتبة صويلح العامة الإعارة 05/12/2024 1790105   394.30935/دعم PLD00513514 28/07/2025 05/12/2024 كتب
Implemented & Customized by: BBB with SCIT (Smart Chains for Information Technology)

Powered by Koha